| 000 | 00645nam a2200193 a 4500 | ||
|---|---|---|---|
| 001 | 000003544 | ||
| 005 | 20200929150458.0 | ||
| 008 | 090710s2002 dr ac 000 0 spa d | ||
| 020 | _a9993461164 | ||
| 040 |
_aDO-SdBNP _bspa _cBNPHU |
||
| 082 |
_a972.93 _bR696J |
||
| 100 | 1 |
_aRodríguez, Bernardo, _d1952- _910964 |
|
| 245 | 1 | 0 |
_aJánico... : _brecuerdos y olvidos / _cBernardo Rodríguez. |
| 260 |
_aSanto Domingo, : _bAmigo del Hogar, _c2002. |
||
| 300 |
_a202 p. : _bil., retrs. ; _c22 cm. |
||
| 500 | _aIncluye indice. | ||
| 500 | _aIncluye datos biográficos del autor en la solapa. | ||
| 650 | 4 |
_aJanico, república dominicana _zHistoria _910965 |
|
| 999 |
_c3369 _d3369 |
||